|
|
|
|
| LEADER |
00000nam a22000007a 4500 |
| 005 |
20180104154029.0 |
| 007 |
cr|||| |||| |
| 008 |
180104s2008 mx |||||s|||| 00||0 spa d |
| 020 |
|
|
|a 978-607-401-062-6
|
| 035 |
|
|
|a 20937
|
| 040 |
|
|
|a vLex
|
| 090 |
|
|
|c 7352
|d 7352
|
| 100 |
1 |
|
|a Quintero Soto, Mara̕ Luisa
|
| 245 |
1 |
0 |
|a Temas emergentes en los estudios de gňero
|h [Recurso electrn̤ico] /
|c Mara̕ Luisa Quintero Soto; Carlos Fonseca Hernǹdez
|
| 256 |
|
|
|a Servicio en ln̕ea
|
| 260 |
|
|
|a Ciudad de Mx̌ico:
|b Cm̀ara de Diputados,
|c 2008
|
| 300 |
|
|
|a 1 recurso electrn̤ico
|
| 500 |
|
|
|a En los l︢timos aǫs los trabajos relacionados en los estudios sobre gňero no ha tenido una tendencia homogňea en la problematizacin̤ de las desigualdades de gňero, podemos decir que existen temas consolidados, que ya han sido abordados ampliamente como los de familia o mercado de trabajo, migracin̤, polt̕ica. Otras temt̀icas empiezan a discutirse ter̤icamente tales como la salud reproductiva, sexualidad y masculinidad. Sin embargo, se debe trabajar ms̀ sobre salud reproductiva y el papel del hombre como copartc̕ipe de la reproduccin̤, de ah ̕que tambiň sea importante investigar sobre los estudios de maternidad, cultura e identidad, medio ambiente, polt̕icas, medios de comunicacin̤ y pobreza entre otros y que en este libro se analizan. Lo anterior se debe a que an︢ no se ha logrado un marco ter̤ico y metodolg̤ico en el que el gňero sea un principio estructurante, se necesita discutir las dimensiones analt̕icas y fortalecer el acercamiento metodolg̤ico.
|
| 506 |
1 |
|
|a Disponible solo en los productos indicados
|d vLex Global
|d vLex Global (Academic Edition, excluding Law Schools)
|d vLex Global (U.S. Academic Edition, Law Schools)
|d vLex Global (U.S. Academic Edition, excluding Law Schools)
|d vLex Global (Academic Edition, Law Schools)
|
| 650 |
0 |
4 |
|a Derecho Civil
|z Mx̌ico
|
| 650 |
0 |
4 |
|a Derecho Constitucional
|z Mx̌ico
|
| 700 |
1 |
|
|a Fonseca Hernǹdez, Carlos
|
| 740 |
0 |
|
|a vLex Libros (Servicio en ln̕ea)
|
| 856 |
4 |
0 |
|u http://vlex.com/source/temas-emergentes-en-los-estudios-de-genero-20937
|z Acceso restringido
|
| 942 |
|
|
|c BOOK
|
| 999 |
0 |
|
|a Civil law
|
| 999 |
0 |
|
|a Constitutional law
|